00447nam a2200145Ia 4500008004100000041001200041082001100053100001700064245004500081260000600126650000600132942000700138999001700145952013900162221030s9999 xx 000 0 und d aEnglish a105.23 aL. K. Sharma 0aDictionary of Chemistrycby L. K. Sharma c0 aB cBK c10395d10395 pB 61l0o105.23 r2022-10-30 00:00:00w2022-10-30yBK003Print4070aMIETLIBbMIETLIBcBL-, FL-, CUP-0, SH-0, R-0d2012-05-2910HBE